| 000 | 01064nab a22002057a 4500 | ||
|---|---|---|---|
| 999 |
_c6090 _d6090 |
||
| 003 | OSt | ||
| 005 | 20260121205517.0 | ||
| 008 | 190502c xxu||||| |||| 00| 0 spa d | ||
| 040 | _cPJ | ||
| 100 |
_9657 _aAntonini, Mónica A. |
||
| 245 | 1 | 3 |
_aLa prisión preventiva. Fundamentos y límites / _cMónica A. Antonini. |
| 260 |
_aCiudad Autónoma de Buenos Aires : _bThomson Reuters La Ley, _c2024. |
||
| 300 | _ap. 15-30 | ||
| 505 | _aSumario: I. Introducción.— II. El principio de inocencia.— III. El desarrollo que intentaré exponer.— IV. Naturaleza y fines del encarcelamiento preventivo.— V. El examen de los argumentos de estas tesis.— VI. Nuevos interrogantes.— VII. ¿Y la doctrina?— VIII. Conclusión. | ||
| 505 | _t¿Te interesa el texto completo? Solicitalo al correo: koha@justierradelfuego.gov.ar | ||
| 650 | 0 |
_9343 _aDERECHO PENAL |
|
| 650 | 0 |
_92782 _aPRISIÓN PREVENTIVA |
|
| 773 | 0 |
_02729 _93180 _dBuenos Aires : LexisNexis, 2006- _tRevista de derecho penal y procesal penal. Nº 9 - Septiembre 2024 _z9875920622 |
|
| 942 |
_2udc _cANA |
||